| 000 | 01727cam a2200349Ia 4500 | ||
|---|---|---|---|
| 001 | 8758790 | ||
| 003 | ARRUPE | ||
| 005 | 20150910111249.0 | ||
| 008 | 101014s2009 rh b 000 0 eng d | ||
| 010 | _a 2010324857 | ||
| 020 | _a9780797438118 (pbk.) | ||
| 020 | _a0797438114 (pbk.) | ||
| 035 | _a(OCoLC)ocn670069477 | ||
| 035 | _a(OCoLC)670069477 | ||
| 035 | _a(NNC)8758790 | ||
| 040 |
_aKAT _beng _cKAT _dDLC _dIUL _dOCLCQ |
||
| 043 | _af------ | ||
| 050 | 0 | 0 |
_aBX1675 _b.C58 2009 |
| 245 | 0 | 4 |
_aThe church and civil society : _bbuilding social conscience for democratic participation. |
| 260 |
_aMount Pleasant, Harare, Zimbabwe : _bAfrican Forum for Catholic Social Teaching, _c2009. |
||
| 300 |
_a48 p. ; _c21 cm. |
||
| 490 | 1 |
_aAFCAST series booklets ; _v8 |
|
| 504 | _aIncludes bibliographical references. | ||
| 505 | 0 | _aIntroduction / Method Kilaini -- Keynote Address. The church and civil society: building social conscience for democratic participation / January Msoffe -- Country report, Zimbabwe. Civil society as a new paradigm for democratic politics in Zimbabwe / David Kaulemu -- Country report, Zambia. Church and civil scociety: promoting democratic participation in Zambia / Kayula Lesa -- Country report, Malawi. The participation of the church in the 2009 general elections in Malawi / Tobias B. Jere -- AFCAST working group members. | |
| 650 |
_aChurch and politics _915371 |
||
| 710 | 2 |
_aAfrican Forum for Catholic Social Teachings. _915332 |
|
| 710 | 2 |
_aCatholic Church. _bBaraza la Maaskofu Katoliki wa Tanzania _d(2009 : _cSalaam, Tanzania) _915333 |
|
| 830 | 0 |
_aAFCAST series booklets ; _v8. _915334 |
|
| 942 |
_2lcc _cMONOGRAPH |
||
| 948 | 1 |
_a20110627 _bc _ctp2276 _dMPS |
|
| 999 |
_c122112 _d122112 |
||